Normal view
MARC view
- Business.
Entry Topical Term
001 - CONTROL NUMBER
- control field: 43393
003 - CONTROL NUMBER IDENTIFIER
- control field: OSt
005 - DATE AND TIME OF LATEST TRANSACTION
- control field: 20210805112406.0
008 - FIXED-LENGTH DATA ELEMENTS
- fixed length control field: 210805|| aca||aabn | a|a d
040 ## - CATALOGING SOURCE
- Original cataloging agency: OSt
- Transcribing agency: OSt
150 ## - HEADING--TOPICAL TERM
- Topical term or geographic name entry element: Business.
670 ## - SOURCE DATA FOUND
- Source citation: Work cat.: (OSt): Mueller, Brandon A. 43392, Making the most of failure experiences: , c2016.
